000 00538cam a2200145 4500500
005 20251228082904.0
041 _afre
042 _adc
100 1 0 _aWeber, Édith
_eauthor
245 0 0 _aSylvie Granger, Musiciens dans la ville, 1600-1650, Paris, Belin, 2002. Un vol. 13,5 × 21,5 cm de 320 p.
260 _c2005.
500 _a41
786 0 _nDix-septième siècle | 227 | 2 | 2005-06-01 | p. 355l-376l | 0012-4273
856 4 1 _uhttps://shs.cairn.info/revue-dix-septieme-siecle-2005-2-page-355l?lang=fr&redirect-ssocas=7080
999 _c1600002
_d1600002